Cities with the Most Skyscrapers Under Construction - Statistics

General Stats
  • This quiz has been taken 45 times
  • The average score is 17 of 22
Answer Stats
Region # City % Correct
North America 14 New York City
100%
East Asia >31 Shanghai
94%
East Asia >87 Shenzhen/Guangzhou/Foshan
94%
East Asia >29 Wuhan
88%
Middle East 11 Dubai
85%
Europe 12 Moscow
85%
North America 23 Toronto
85%
Southeast Asia 12 Bangkok
82%
Oceania 16 Sydney
82%
East Asia 17 Hong Kong
79%
Southeast Asia 22 Kuala Lumpur
79%
Southeast Asia 10 Manila
79%
East Asia 13 Chongqing
76%
North America 13 Miami
74%
South Asia 15 Mumbai
74%
East Asia 26 Xi'an
74%
East Asia 29 Hangzhou
62%
East Asia 15 Nanjing
59%
East Asia 17 Shenyang
59%
Middle East 10 Tel Aviv
56%
East Asia 29 Changsha
50%
East Asia 10 Jinan
32%
No matching quizzes found
Score Distribution
Percent of People with Each Score
Percentile by Number Answered
Your Score History
You have not taken this quiz